000
00263nam a22001097a 4500
082
_a
823
100
_a
KRAMER, JANIE
245
_a
THE BABY BORN IN A STABLE
246
_a
THE BABY BORN IN A STABLE
_b
THE BABY BORN IN A STABLE
650
_a
ENGLISH STORY
942
_c
BK
999
_c
8834
_d
8834